Normal view
MARC view
Entry Personal Name
001 - CONTROL NUMBER
- control field: 156322
003 - CONTROL NUMBER IDENTIFIER
- control field: OSt
005 - DATE AND TIME OF LATEST TRANSACTION
- control field: 20220923210929.0
008 - FIXED-LENGTH DATA ELEMENTS
- fixed length control field: 220923|| aca||aabn | a|a d
040 ## - CATALOGING SOURCE
- Original cataloging agency: OSt
- Transcribing agency: OSt
100 ## - HEADING--PERSONAL NAME
- Personal name: बुल्गोकोव, मिखाई; प्लातोनोव, आन्द्रेई
670 ## - SOURCE DATA FOUND
- Source citation: Work cat.: (OSt)293014: बुल्गोकोव, मिखाई; प्लातोनोव, आन्द्रेई, अनुपम और क्रूर संसार, 1990
